000 01510nas0a22003251i 4500
001 RU\NLR\DRGNLR\5109
005 20240921160704.0
035 _a(NLR Aleph) 010313681
090 _a10646095
_c10646095
100 _a20080514b1917 u y0rusy50 ca
101 0 _arus
102 _aRU
110 _acya||||||||
200 1 _aТуркестанский вестник
_eОрган независимой мысли
_fРед. А.И.Гзовский
210 _aТашкент
_d1917, 14 нояб - дек.*
_cИ.И.Дукельский
311 _aИзд. вместо газ. "Туркестанский курьер" (см. )
488 0 _1001RU\NLR\DRGNLR\5113
_12001#$aТуркестанский курьер$fВр. за ред. И.И.Хохлачев
_910646109
_cТашкент
_d1905, [апр.] - 1917, 11 нояб
_fВр. за ред. И.И.Хохлачев
_nИ.И.Дукельский
_tТуркестанский курьер
540 1 _aТуркестанский вестник
702 1 _4340
_7ca
_8rus
_aГзовский
_bА. И.
_f1888-1963
_gАлександр Иосифович
_9239533
_3RU\NLR\AUTH\770239589
702 1 _aДукельский
_bИс. Ил.
_4650
801 0 _aRU
_bNLR
_c20080514
_gPSBO
_2gzdor_isis
801 2 _aRU
_bNLR
_c20080514
_gPSBO
_2rusmarc
852 _aNLR
_jР2/249
942 _cNEWSPAPER
980 _aDRG